01166nam a22002897a 4500003000900000005001700009008003000026020001500056040002200071082002200093100004800115245017800163246004600341260003500387300002700422490002700449590002600476650003300502650003200535700002900567700003900596700003000635910005200665942001200717952013000729999001700859DO-SdBNP20230310093415.0161201b 2005 sp a00| 0 spa d a849641261X aBPMSUbspacBPMSU 4a823.8bB275p 20051 aBarrie, J. M. (James Matthew),d 1860-193710aPeter Pan :bbasado en la novela de James Barrie /cilustrado por Alejandra Viacava ; coordinación editorial, Emilio López ; adaptación literaria, Alberto Szpunberg8 14aPeter Pan :bpara leer, jugar y aprender  aBarcelona :bEl país,c2005. a45 p. :bil.,c20 cm..0 aCuentos infantiles,v7 6Inventariado, 2023/VM 4aCuentos ingleses infantiles  4aLiteratura inglesa infantil1 aViacava, Alejandra,eil.1 aSzpunberg, Alberto eadaptación 1 aLópez, Emilio ecoord.  aBTAVÁREZ/VMateo V. Control de calidad (BPMSU) 2ddccBK 00102ddc40708CI-GaBPMETbBPMETd2016-12-01eFUNDIoBPMSU CGI 823.8 B275p 2005pBPMSU16120013r2016-12-01w2016-12-01yBK c12203d12203